Uniwersystet Mikołaja Kopernika wspomnienia pracowników tom 2 Źródła do dziejów Uniwersytetu Mikołaja Kopernika w Toruniu

Bibliographic Details
Corporate Author: Univerzita M. Kopernika Toruń, Poľsko (Author)
Other Authors: Tomczak, Andrzej (upr)
Format: Book
Language:Polish
PhysicalDescription:434 s. 23 cm
Published: Toruń Uniwersytet Mikołaja Kopernika 1995
ISBN:8323106096
Subjects:

MARC

LEADER 00000nam a2200000 a 4500
001 vtls001221901
003 SK-MaSNL
005 20260301154546.0
008 251124s1995 PL a d 0 pol
020 |a 8323106096  |c [100,00] 
035 |a SNK000167226 
040 |a SNK  |b slo  |c SNK  |e AACR2 
044 |a PL 
080 |a 378.4(438-21):929  |2 1981 
110 0 |a Univerzita M. Kopernika Toruń, Poľsko  |4 aut  |9 517621 
245 1 |a Uniwersystet Mikołaja Kopernika  |b wspomnienia pracowników  |n tom 2  |p Źródła do dziejów Uniwersytetu Mikołaja Kopernika w Toruniu  |c pod redakcją Andrzeja Tomczaka 
260 |a Toruń  |b Uniwersytet Mikołaja Kopernika  |c 1995 
300 |a 434 s.  |c 23 cm 
610 0 7 |a Univerzita M. Kopernika  |a Toruń, Poľsko  |x pracovníci univerzitní  |x spomienky životopisné  |2 SNK  |9 517622 
611 1 7 |a Univerzita M. Kopernika  |a Toruń, Poľsko  |x pracovníci univerzitní  |x spomienky životopisné  |2 SNK  |9 517623 
700 1 |a Tomczak, Andrzej  |4 upr  |9 517624 
919 |a 83-231-0609-6 
999 |c 797261  |d 799191 
952 |t P60, <04>, [BOOK], {604}  |a SNK  |b SNK  |y VYP  |7 0  |p 17A0011923  |o snkIC 126053/2  |i snkV 1713/96  |0 0  |1 0  |4 0  |d 1996-09-30  |l 0  |r 2005-01-01 00:00:00  |w 2026-02-24